LEADER 01395nam a2200325 u 4500 001 000000060816 003 CaOOAMICUS 005 20070226120944.0 008 010802s1949 it u000 u ita u 035 $a10899397 040 $aPUL(R)$bita 041 1 $aita$hfre 100 1 $aLubac, Henri de,$cS.I.,$d1896-1991.$0(OLS)http://pul/name/6263 240 10$aDrame de l'humanisme athée.$lItaliano.$0(OLS)http://pul/title/55383 245 13$aIl dramma dell'umanesimo ateo /$cHenri de Lubac ; traduzione di Ludovico Ferino. 260 $aBrescia :$bMorcelliana,$c1949. 300 $a406 p. ;$c23 cm 504 $aBibliografia in nota. 650 4$aAteismo (filosofia).$0(OLS)http://pul/subject/4943 650 4$aCristianesimo e ateismo.$0(OLS)http://pul/subject/407 650 4$aFilosofia e religione.$0(OLS)http://pul/subject/2646 850 $aPUL 852 $aPUL$W1$xSL Religione 1$y3$m55 M 8$j79327$nBK-PRI$b $qStampati$B79327$CPULBib$Z2$F79327 $H $81 852 $aPUL$W1$xDP1 Fondo Pastorale$y55$mP12 A 34$j79328$nBK-PRI$b $qFondi$B79328$CPULBib$Z2$F79328 $H $81 900 $aDe Lubac, Henri$96263 941 1 $a8 941 1 $a1 961 $aINV: 40086 996 $6245$aIl dramma dell'umanesimo ateo$9(OLS)http://pul/title/55384 996 $6260$aBrescia :$bMorcelliana$9(OLS)http://pul/publisher/47854 LEADER 01226nam a2200277 a 4500 001 000000166174 003 CaOOAMICUS 005 20180223154110.0 008 180223s1937 xxu 000 u eng r 032 $aLibriCat 040 $aPUL$bita 100 1 $aO'Brien, Edward J.$0(OLS)http://pul/name/107137 245 10$aChild welfare legislation in Maryland, 1634-1936 / $cEdward J. O'Brien. 260 $aWashington, D.C. :$bThe Catholic University of America,$c1937. 300 $av, 375 p. ;$c24 cm. 502 $aTesi. The Catholic University of America. School of Social Work. 1937. 504 $aBibliografia in nota a piè pagina. 650 04$aWelfare state.$0(OLS)http://pul/subject/18631 710 2 $aCatholic University of America.$kTesi.$0(OLS)http://pul/name/106692 850 $aPUL 852 $aPUL$W1$xDP1 Tesi Univ. Washington$y50$mTH WAS 177$j190695$qTesi$B193586$CPULBib$Z2$F193586 $H9245 $81 941 1 $a16 960 $aStato sociale$918631 996 $6245$aChild welfare legislation in Maryland, 1634-1936 / $9(OLS)http://pul/title/205894 996 $6260$aWashington, D.C. :$bThe Catholic University of America$9(OLS)http://pul/publisher/62694